| 000 | 00732cam a2200229a 44500 | ||
|---|---|---|---|
| 003 | OSt | ||
| 005 | 20150408113734.0 | ||
| 008 | 030308s1976 ua g 00000 ara dd | ||
| 020 | _a9772465574 | ||
| 040 |
_amu _bara _cmb |
||
| 041 | _aعربي | ||
| 072 |
_a045 _xاللغة العربية |
||
| 082 | 0 | 4 | _a415.1 |
| 092 |
_a415.1 _bح ع ن |
||
| 100 | 1 |
_aحسن، عباس حسن. _92076 |
|
| 245 | 1 | 2 |
_aالنحو الوافي مع ربطه بالأساليب الرفيعة والحياة اللغوية المتجددة. _cعباس حسن. |
| 250 | _aط. 4. | ||
| 260 |
_aالقاهرة _bدار المعارف، _c1973 |
||
| 300 |
_a4 ج _c24 سم. |
||
| 650 |
_aاللغة العربية _xالنحو _2aucsh.\\ |
||
| 942 |
_2ddc _cREF |
||
| 999 |
_c2070 _d236570 |
||